Замок на песке: книга для чтения

Manylion Llyfryddiaeth
Prif Awdur: Мэрдок А. Айрис
Crynodeb:Книга на английском языке.
Iaith:Saesneg
Cyhoeddwyd: Ленинград, Просвещение, 1975
Pynciau:
Fformat: Llyfr
KOHA link:https://koha.lib.tpu.ru/cgi-bin/koha/opac-detail.pl?biblionumber=70985

MARC

LEADER 00000nam0a2200000 4500
001 70985
005 20231031082202.0
035 |a (RuTPU)RU\TPU\book\75557 
090 |a 70985 
100 |a 20041204d1975 m y0rusy50 ca 
101 0 |a eng 
102 |a RU 
105 |a y j 000ay 
200 1 |a Замок на песке  |e книга для чтения  |f А. Мэрдок 
210 |a Ленинград  |c Просвещение  |d 1975 
215 |a 216 с. 
300 |a Книга на английском языке. 
610 1 |a английский язык 
610 1 |a хрестоматии 
610 1 |a художественная литература 
675 |a 82  |v 3 
686 |a Ш143.21-923.8  |2 rubbk 
700 1 |a Мэрдок  |b А.  |g Айрис 
801 1 |a RU  |b 63413507  |c 20041204  |g PSBO 
801 2 |a RU  |b 63413507  |c 20220310  |g PSBO 
942 |c BK